000 00590nam a2200217Ia 4500
005 20250923144613.0
008 008 250917s9999 xx 000 0 eng d
037 _aTextual
040 _aDSWL
_beng
_cDSWL
041 _aeng
_2eng
084 _aL7zt7, N58
_qDSWL
100 _aFreeman, T,
_9826538
245 0 _aChronic schizophronia
_cby T. Freeman
260 _b. Tavistock Pub. Ltd.
_c1958
300 _ax,158p.
365 _aINR
_b21
700 _aJ.L.Cameron A. Mcghie
_9826539
925 _g21
942 _cTEXL
_hL7zt7, N58
999 _c1441049
_d1441049